Catálogo
 En Linea

My hearts beats " pum pum" / (Registro nro. 49541)

Detalles MARC
000 -CABECERA
campo de control de longitud fija 00995nam a22003017i 4500
003 - IDENTIFICADOR DEL NÚMERO DE CONTROL
campo de control DO-SdBNP
005 - FECHA Y HORA DE LA ÚLTIMA TRANSACCIÓN
campo de control 20230711151817.0
007 - CAMPO FIJO DE DESCRIPCIÓN FÍSICA--INFORMACIÓN GENERAL
campo de control de longitud fija ta
008 - DATOS DE LONGITUD FIJA--INFORMACIÓN GENERAL
campo de control de longitud fija 210311e2020 dr ag||jr|||| 00| j spa d
020 ## - NÚMERO INTERNACIONAL ESTÁNDAR DEL LIBRO
Número Internacional Estándar del Libro 978994587714
040 ## - FUENTE DE LA CATALOGACIÓN
Centro catalogador/agencia de origen DO-SdBNP
Lengua de catalogación spa
Centro/agencia transcriptor BNPHU
Normas de descripción rda
041 ## - CÓDIGO DE LENGUA
Código de lengua original spa
082 #4 - NÚMERO DE LA CLASIFICACIÓN DECIMAL DEWEY
Número de edición 22
Número de documento/Ítem N322m
100 1# - ENTRADA PRINCIPAL--NOMBRE DE PERSONA
Nombre de persona Navarro Galicia, Maritza
9 (RLIN) 78100
245 1# - MENCIÓN DE TÍTULO
Título My hearts beats " pum pum" /
Mención de responsabilidad, etc. MAMARISA ; ilustración Víctor F. Aquino ; traducción Rosalyna
246 1# - FORMA VARIANTE DE TÍTULO
Título propio/Titulo breve Mi corazón hace "pum pum"
264 ## - PRODUCCIÓN, PUBLICACIÓN, DISTRIBUCIÓN, FABRICACIÓN Y COPYRIGHT
Producción, publicación, distribución, fabricación y copyright Santo Domingo :
Nombre del de productor, editor, distribuidor, fabricante Libertad,
Fecha de producción, publicación, distribución, fabricación o copyright ©2020.
300 ## - DESCRIPCIÓN FÍSICA
Extensión [27] páginas :
Otras características físicas Ilustraciones, música ;
Dimensiones 22 cm.
336 ## - TIPO DE CONTENIDO
Fuente rdacontent
Término de tipo de contenido texto
Código de tipo de contenido txt
337 ## - TIPO DE MEDIO
Fuente rdamedia
Nombre/término del tipo de medio sin mediación
Código del tipo de medio n
338 ## - TIPO DE SOPORTE
Fuente rdacarrier
Nombre/término del tipo de soporte volumen
Código del tipo de soporte nc
546 ## - NOTA DE LENGUA/LENGUAJE
Nota de lengua/lenguaje Libro en español e inglés
590 ## - NOTA LOCAL (RLIN)
Nota local Inventariado, 2021/MF
700 1# - PUNTO DE ACCESO ADICIONAL--NOMBRE DE PERSONA
Nombre de persona Maritza Navarro Galicia.
9 (RLIN) 78101
700 1# - PUNTO DE ACCESO ADICIONAL--NOMBRE DE PERSONA
Nombre de persona Aquino, Víctor F. ,
Término indicativo de función/relación ilustraciones
9 (RLIN) 78102
700 1# - PUNTO DE ACCESO ADICIONAL--NOMBRE DE PERSONA
Nombre de persona Rosalyna,
Término indicativo de función/relación traductor
9 (RLIN) 78103
942 ## - ELEMENTOS DE PUNTO DE ACCESO ADICIONAL (KOHA)
Fuente del sistema de clasificación o colocación Dewey Decimal Classification
Tipo de ítem Koha Folleto
Existencias
Estado de retiro Estado de pérdida Fuente del sistema de clasificación o colocación Restricciones de uso No para préstamo Código de colección Localización permanente Ubicación/localización actual Ubicación en estantería Fecha de adquisición Fuente de adquisición Código de barras Fecha visto por última vez Precio válido a partir de Tipo de ítem Koha Número de copia Total de préstamos
    Dewey Decimal Classification Excluido de préstamo   Infantojuvenil Patrimonio Dominicano Biblioteca Nacional Pedro Henríquez Ureña Biblioteca Nacional Pedro Henríquez Ureña Depósito 07.07.2020 Depósito Legal 2021-0766 11.03.2021 11.03.2021 Libros y folletos    
    Dewey Decimal Classification Excluido de préstamo   Infantojuvenil Patrimonio Dominicano Biblioteca Nacional Pedro Henríquez Ureña Biblioteca Nacional Pedro Henríquez Ureña Depósito 07.07.2020 Depósito legal 2021-0767 11.03.2021 11.03.2021 Libro y Folleto Colección Patrimonio Dominicano e.2  
    Dewey Decimal Classification Préstamo especial   Dominicana de Servicio Biblioteca Nacional Pedro Henríquez Ureña Biblioteca Nacional Pedro Henríquez Ureña En catalogación 25.04.2023   2023-1490 25.04.2023 25.04.2023 Folleto    

Con tecnología Koha